MARC details
| 000 -LÍDER |
| Campo de controle fixo |
01454nam a22004337a 4500 |
| 001 - NÚMERO DE CONTROLE |
| Número de controle |
BR2023000310 |
| 003 - CÓDIGO MARC DA AGÊNCIA CATALOGADORA |
| Campo de controle |
BR-BrBNA |
| 005 - DATA E HORA DA ÚLTIMA ATUALIZAÇÃO |
| Campo de controle |
20230510114440.0 |
| 008 - CAMPO DE TAMANHO FIXO |
| Campo fixo de controle |
230426b bl.||||| |||| 00| 0 por d |
| 020 ## - ISBN - INTERNATIONAL STANDARD BOOK NUMBER |
| ISBN |
978-85-88063-44-0 |
| 040 ## - FONTE DA CATALOGAÇÃO |
| Agência catalogadora |
BR-BrBNA |
| Idioma da catalogação |
por |
| 041 ## - CÓDIGO DO IDIOMA |
| Código do Idioma |
por |
| 072 ## - CATEGORIA AGRIS |
| Código da categoria de assunto |
P01 ; T01 ; P06 |
| 090 ## - NÚMERO DE CHAMADA |
| Número de Chamada |
P01 BR2023000310 |
| 100 ## - ENTRADA PRINCIPAL - NOME PESSOAL |
| Nome pessoal |
Rathmann, Régis |
| 100 ## - ENTRADA PRINCIPAL - NOME PESSOAL |
| Nome pessoal |
Araújo, Ricardo Vieira |
| 100 ## - ENTRADA PRINCIPAL - NOME PESSOAL |
| Nome pessoal |
Cruz, Márcio Rojas da |
| 100 ## - ENTRADA PRINCIPAL - NOME PESSOAL |
| Nome pessoal |
Mendonça, Antônio Marcos |
| 245 ## - TÍTULO PRINCIPAL |
| Título principal |
Trajetórias de mitigação e instrumentos de políticas públicas para alcance das metas brasileiras no Acordo de Paris |
| Subtítulo |
Opções de mitigação de emissões de gases de efeito estufa em setores-chave do Brasil |
| 260 ## - IMPRENTA (PUBLICAÇÃO, DISTRIBUIÇÃO, ETC.) |
| Lugar de publicação, distribuição, etc. |
Brasília, DF (Brazil) : |
| Nome do editor, distribuidor, etc. |
Ministério da Ciência, Tecnologia, Inovações e Comunicações, |
| Data de publicação, distribuição, etc |
2017 |
| 300 ## - DESCRIÇÃO FÍSICA |
| Extensão |
64 p. |
| 500 ## - NOTA GERAL |
| Notas gerais |
Summary (por); 34 ref.; 12 illus.; 18 tables |
| 650 ## - ASSUNTO - THESAGRO |
| Cabeçalho tópico ou nome geográfico |
GÁS |
| 650 ## - ASSUNTO - THESAGRO |
| Cabeçalho tópico ou nome geográfico |
EFEITO ESTUFA |
| 650 ## - ASSUNTO - THESAGRO |
| Cabeçalho tópico ou nome geográfico |
POLUIÇÃO |
| 650 ## - ASSUNTO - THESAGRO |
| Cabeçalho tópico ou nome geográfico |
ENERGIA SOLAR |
| 650 ## - ASSUNTO - THESAGRO |
| Cabeçalho tópico ou nome geográfico |
CONDIÇÃO AMBIENTAL |
| 650 ## - ASSUNTO - THESAGRO |
| Cabeçalho tópico ou nome geográfico |
CONTROLE TÉRMICO |
| 650 ## - ASSUNTO - THESAGRO |
| Cabeçalho tópico ou nome geográfico |
DIÓXIDO DE CARBONO |
| 650 ## - ASSUNTO - THESAGRO |
| Cabeçalho tópico ou nome geográfico |
TECNOLOGIA APROPRIADA |
| 650 ## - ASSUNTO - THESAGRO |
| Cabeçalho tópico ou nome geográfico |
SISTEMA AGROFLORESTAL |
| 650 ## - ASSUNTO - THESAGRO |
| Cabeçalho tópico ou nome geográfico |
PROTEÇÃO FLORESTAL |
| 650 ## - ASSUNTO - THESAGRO |
| Cabeçalho tópico ou nome geográfico |
REFLORESTAMENTO |
| 650 ## - ASSUNTO - THESAGRO |
| Cabeçalho tópico ou nome geográfico |
IMPLANTAÇÃO DE FLORESTA |
| 650 ## - ASSUNTO - THESAGRO |
| Cabeçalho tópico ou nome geográfico |
DESENVOLVIMENTO SUSTENTÁVEL |
| 650 ## - ASSUNTO - THESAGRO |
| Cabeçalho tópico ou nome geográfico |
ACORDO DE PARIS |
| 909 ## - IDENTIFICAÇÃO DO CATALOGADOR |
| Ano e mês da catalogação (aaaamm) |
202304 |
| Identificação do catalogador |
Fernando Magalhães |
| 942 ## - TIPO ESPECÍFICO |
| Tipo de material |
Livros |
| 952 ## - LOCATION AND ITEM INFORMATION (KOHA) |
| -- |
2023-04-26 |